HIV Preventive Education Information Kit for School Teachers (Record no. 264468)
[ view plain ]
| 000 -LEADER | |
|---|---|
| fixed length control field | 00376nam a22001457a 4500 |
| 003 - CONTROL NUMBER IDENTIFIER | |
| control field | OSt |
| 005 - DATE AND TIME OF LATEST TRANSACTION | |
| control field | 20240904144229.0 |
| 008 - FIXED-LENGTH DATA ELEMENTS--GENERAL INFORMATION | |
| fixed length control field | 240904b xxu||||| |||| 00| 0 eng d |
| 020 ## - INTERNATIONAL STANDARD BOOK NUMBER | |
| International Standard Book Number | 9789292231934 |
| 040 ## - CATALOGING SOURCE | |
| Transcribing agency | RU |
| 110 ## - MAIN ENTRY--CORPORATE NAME | |
| Corporate name or jurisdiction name as entry element | UNESCO |
| 245 ## - TITLE STATEMENT | |
| Title | HIV Preventive Education Information Kit for School Teachers |
| 260 ## - PUBLICATION, DISTRIBUTION, ETC. (IMPRINT) | |
| Place of publication, distribution, etc | Bangkok, Thailand |
| Name of publisher, distributor, etc | UNESCO |
| Date of publication, distribution, etc | 2008 |
| 942 ## - ADDED ENTRY ELEMENTS (KOHA) | |
| Source of classification or shelving scheme | Library of Congress Classification |
| Koha item type | Long Loan Books |
| Withdrawn status | Lost status | Source of classification or shelving scheme | Damaged status | Not for loan | Collection code | Home library | Current library | Shelving location | Date acquired | Total Checkouts | Full call number | Barcode | Date last seen | Price effective from | Koha item type |
|---|---|---|---|---|---|---|---|---|---|---|---|---|---|---|---|
| Library of Congress Classification | Non-fiction | Rongo University Library | Rongo University Library | General Stacks | 04/09/2024 | LC228.5.U5 2008 | 202401160 | 04/09/2024 | 04/09/2024 | Long Loan Books |
